琉球政府の市町村(1968年) - Statistics

General Stats
  • This quiz has been taken 12 times
  • The average score is 16 of 60
Answer Stats
コード 市町村 備考 % Correct
47201 那覇市
82%
47202 石川市 2005年消滅
64%
47209 糸満市
64%
47204 コザ市 1974年消滅
55%
47210 国頭郡国頭村
55%
47203 具志川市 2005年消滅
45%
47205 宜野湾市
45%
47207 石垣市
45%
47208 名護市
45%
47301 国頭郡大宜味村
45%
47302 国頭郡東村
45%
47306 国頭郡今帰仁村
36%
47308 国頭郡本部町
36%
47311 国頭郡恩納村
36%
47313 国頭郡金武村 1980年昇格
36%
47314 国頭郡伊江村
36%
47206 平良市 2005年消滅
27%
47305 国頭郡屋我地村 1970年消滅
27%
47313 国頭郡宜野座村
27%
47323 中頭郡読谷村
27%
47324 中頭郡嘉手納村 1976年昇格
27%
47325 中頭郡北谷村 1980年昇格
27%
47326 中頭郡北中城村
27%
47327 中頭郡中城村
27%
47346 島尻郡知念村 2006年消滅
27%
47306 国頭郡上本部村 1971年消滅
18%
47308 国頭郡屋部村 1970年消滅
18%
47310 国頭郡名護町 1970年消滅
18%
47311 国頭郡久志村 1970年消滅
18%
47315 中頭郡美里村 1974年消滅
18%
47321 中頭郡与那城村 1994年昇格
18%
47322 中頭郡勝連村 1980年昇格
18%
47328 中頭郡西原村 1979年昇格
18%
47329 中頭郡浦添村 1970年昇格
18%
47341 島尻郡豊見城村 2002年昇格
18%
47343 島尻郡東風平村 1979年昇格
18%
47344 島尻郡具志頭村 2006年消滅
18%
47345 島尻郡玉城村 2006年消滅
18%
47348 島尻郡与那原町
18%
47349 島尻郡大里村 2006年消滅
18%
47350 島尻郡南風原村 1980年昇格
18%
47351 島尻郡仲里村 2002年消滅
18%
47352 島尻郡具志川村 2002年消滅
18%
47353 島尻郡渡嘉敷村
18%
47354 島尻郡座間味村
18%
47355 島尻郡粟国村
18%
47356 島尻郡渡名喜村
18%
47357 島尻郡南大東村
18%
47358 島尻郡北大東村
18%
47359 島尻郡伊平屋村
18%
47360 島尻郡伊是名村
18%
47371 宮古郡城辺町 2005年消滅
18%
47372 宮古郡下地町 2005年消滅
18%
47373 宮古郡上野村 2005年消滅
18%
47374 宮古郡伊良部村 1982年昇格
18%
47375 宮古郡多良間村
18%
47381 八重山郡竹富町
18%
47382 八重山郡与那国町
18%
47303 国頭郡羽地村 1970年消滅
9%
47347 島尻郡佐敷村 1980年昇格
9%
No matching quizzes found
Score Distribution
Percent of People with Each Score
Percentile by Number Answered
Your Score History
You have not taken this quiz